| 000 | 04228nam a22004815a 4500 | ||
|---|---|---|---|
| 005 | 20090824112434.0 | ||
| 010 | _aENG-94834 B-456623-642 | ||
| 020 |
_a9788123753751 _c200.00 |
||
| 035 | _aEN-78367 B-456623-642 | ||
| 037 | _bDBAD / PUB | ||
| 037 | _bK.K.Pub/Ven | ||
| 082 | _a921 | ||
| 100 |
_aAmrik Singh _949930 |
||
| 245 |
_aMulk Raj Anand : _cby Amrik Singh _brole and achievement / |
||
| 260 |
_aNew Delhi _bNational Book Trust _c2008 |
||
| 270 |
_aNehru Bhawan, 5 Institutional Area, Phase II, Vasant Kunj _bNew Delhi _e110070 |
||
| 300 |
_aviii,138 p. : _c22cm(pbk) _bb&w photos |
||
| 490 |
_aNational biography _949931 |
||
| 600 |
_aAnand, Mulk Raj _949932 |
||
| 942 |
_2ddc _cEN _h921 _mANA |
||
| 999 |
_c29493 _d29493 |
||